Islam dan umat Islam : ucapan pilihan Dr. Mahathir Mohamad, Perdana Menteri Malaysia

Bibliographic Details
Main Author: MAHATHIR bin Mohamad 1925-
Other Authors: Hashim Makaruddin, Norlida Jantan, Zaleha Abu Bakar
Format: Book
Published: Kuala Lumpur : Institut Terjemahan Negara Malaysia , 2003
Subjects:

MARC

LEADER 00000cam a2200000 7i4500
001 0000002506
005 20030711.0
020 0 0 |a 9676113662 
090 0 0 |a 297.5   |b MAH 2003 
100 0 0 |a MAHATHIR bin Mohamad   |f Dato' Seri   |c 1925- 
245 1 0 |a Islam dan umat Islam :   |b ucapan pilihan Dr. Mahathir Mohamad, Perdana Menteri Malaysia   |c editor, Hashim Makaruddin; penterjemah, Norlida Jantan, Zaleha Abu Bakar 
260 0 0 |a Kuala Lumpur :   |b Institut Terjemahan Negara Malaysia ,   |c 2003 
300 |a x, 173 p. ;   |c 25 cm. 
500 0 0 |a Includes index 
650 0 0 |a Islam 
650 0 0 |a Islam and civilization 
650 0 0 |a Muslims   |x Conduct of life 
650 0 0 |a Speeches, addresses, etc. 
700 0 1 |a Hashim Makaruddin 
700 0 1 |a Norlida Jantan 
700 0 1 |a Zaleha Abu Bakar 
998 |a JPSM 
999 |a 0000004669   |b Monograph   |c Open Shelf   |e Default branch 
999 |a 0000004950   |b Monograph   |c Open Shelf   |e Default branch